[Event "Berlin Spandau op"]
[Site "Berlin"]
[Date "2019.12.28"]
[Round "3"]
[White "Knape, Albert"]
[Black "Pererva, Viktor"]
[Result "0-1"]
[WhiteElo "1612"]
[BlackElo "2039"]
[PlyCount "116"]
[EventDate "2019.12.27"]
[EventType "swiss"]
[EventRounds "7"]
[EventCountry "GER"]
[SourceTitle "CBM 194 Extra"]
[Source "ChessBase"]
[SourceDate "2020.03.31"]
[SourceVersion "1"]
[SourceVersionDate "2020.03.31"]
[SourceQuality "1"]

1. e4 e5 2. Nf3 Nc6 3. Bc4 Nf6 4. Ng5 d5 5. exd5 b5 6. Bxb5 Qxd5 7. Be2 Nd4 8. Nf3 Nxf3+ 9. Bxf3 e4 10. Nc3 Qe6 11. 0-0 Bb7 12. Be2 0-0-0 13. Qe1 Bc5 14. d3 Rhe8 15. Bg5 exd3 16. cxd3 Qc6 17. Ne4 Nxe4 18. dxe4 f6 19. Be3 Bxe3 20. Bg4+ Kb8 21. Qxe3 Rxe4 22. Bf3 Rxe3 23. Bxc6 Re2 24. Bxb7 Kxb7 25. b4 Rdd2 26. a3 Ra2 27. g4 Rxf2 28. Rxa2 Rxa2 29. Rf3 Kb6 30. h4 h6 31. g5 fxg5 32. hxg5 hxg5 33. Rg3 Kc6 34. Kf1 Kd6 35. Ke1 g4 36. Kd1 Ke5 37. Rxg4 Kf5 38. Rc4 Rxa3 39. Rxc7 g5 40. b5 g4 41. Ke2 Ke5 42. Rb7 Kf4 43. b6 a5 44. Rc7 Kg3 45. b7 Ra2+ 46. Kf1 Ra1+ 47. Ke2 Rb1 48. Rc5 Rxb7 49. Rxa5 Kg2 50. Rg5 Re7+ 51. Kd2 g3 52. Rg6 Kf2 53. Rf6+ Kg1 54. Rg6 g2 55. Rg8 Rh7 56. Ke2 Kh2 57. Kf2 g1Q+ 58. Rxg1 Rf7+ 0-1

[Event "Rostock SSC op 18th"]
[Site "Rostock"]
[Date "2019.08.09"]
[Round "5"]
[White "Pererva, Viktor"]
[Black "Tovmasyan, Minas"]
[Result "1-0"]
[WhiteElo "2023"]
[BlackElo "1594"]
[PlyCount "59"]
[EventDate "2019.08.07"]
[EventType "swiss"]
[EventRounds "7"]
[EventCountry "GER"]
[SourceTitle "EXT 2020"]
[Source "ChessBase"]
[SourceDate "2019.10.17"]
[SourceVersion "1"]
[SourceVersionDate "2019.10.17"]
[SourceQuality "1"]

1. d4 Nf6 2. c4 c5 3. d5 b5 4. cxb5 a6 5. f3 g6 6. e4 d6 7. Na3 Bg7 8. Ne2 0-0 9. Nc3 Nbd7 10. Be2 Ne8 11. Be3 Nc7 12. 0-0 axb5 13. Naxb5 Nxb5 14. Bxb5 Ba6 15. a4 Bxb5 16. axb5 Nb6 17. Qd3 Qc7 18. Ra6 Rxa6 19. bxa6 Ra8 20. Ra1 Qc8 21. Qb5 Nd7 22. Qc6 Bxc3 23. bxc3 Ne5 24. Qxc8+ Rxc8 25. Bh6 Nd7 26. Rb1 Rc7 27. c4 f6 28. Bd2 Ne5 29. Rb7 Rc8 30. a7 1-0

[Event "Rostock SSC op 18th"]
[Site "Rostock"]
[Date "2019.08.07"]
[Round "1"]
[White "Pererva, Viktor"]
[Black "Moeller, Peter1111"]
[Result "1-0"]
[WhiteElo "2023"]
[BlackElo "1649"]
[PlyCount "59"]
[EventDate "2019.08.07"]
[EventType "swiss"]
[EventRounds "7"]
[EventCountry "GER"]
[SourceTitle "EXT 2020"]
[Source "ChessBase"]
[SourceDate "2019.10.17"]
[SourceVersion "1"]
[SourceVersionDate "2019.10.17"]
[SourceQuality "1"]

1. d4 Nf6 2. c4 e6 3. Nc3 d5 4. cxd5 Nxd5 5. e4 Nxc3 6. bxc3 Nd7 7. Be3 Be7 8. Nf3 Nf6 9. Bd3 c6 10. 0-0 b6 11. Qc2 Bb7 12. c4 Qc7 13. h3 h6 14. Qd2 c5 15. Bf4 Qd8 16. d5 exd5 17. cxd5 Nh5 18. Bh2 Bg5 19. Nxg5 hxg5 20. Rad1 Nf4 21. Bxf4 gxf4 22. Qxf4 f6 23. Rfe1 g5 24. Qf5 0-0 25. Qg6+ Kh8 26. e5 Qe7 27. exf6 Qf7 28. Qh6+ Kg8 29. Qxg5+ Kh8 30. Re4 1-0

[Event "Mecklenburg VP VL1819"]
[Site "Mecklenburg VP"]
[Date "2019.03.10"]
[Round "7.2"]
[White "Kutschke, Peter"]
[Black "Pererva, Viktor"]
[Result "0-1"]
[WhiteElo "1941"]
[BlackElo "2080"]
[PlyCount "86"]
[EventDate "2018.10.21"]
[EventType "team-tourn"]
[EventRounds "9"]
[EventCountry "GER"]
[SourceTitle "EXT 2022"]
[Source "ChessBase"]
[SourceDate "2021.10.06"]
[SourceVersion "1"]
[SourceVersionDate "2021.10.06"]
[SourceQuality "1"]
[WhiteTeam "Schwerin SF III"]
[BlackTeam "Rostock SSC 07"]
[WhiteTeamCountry "GER"]
[BlackTeamCountry "GER"]

1. c4 e5 2. Nc3 Bb4 3. g3 Bxc3 4. dxc3 d6 5. Bg2 Ne7 6. Nf3 Nbc6 7. 0-0 0-0 8. h3 Be6 9. b3 h6 10. Bb2 a6 11. Qc2 f5 12. Rad1 Qe8 13. Kh2 b5 14. Nd2 Qf7 15. cxb5 axb5 16. Ra1 Rab8 17. e4 f4 18. Rac1 Qh5 19. Qd1 Qxd1 20. Rcxd1 Ra8 21. Ra1 Ra7 22. g4 Rfa8 23. a3 Na5 24. b4 Nc4 25. Nxc4 Bxc4 26. Rfd1 Nc8 27. a4 bxa4 28. Ba3 Nb6 29. Bf1 Kf7 30. Kg2 Ke6 31. Bxc4+ Nxc4 32. Kf3 c6 33. Ke2 d5 34. b5 Nxa3 35. Rxa3 dxe4 36. b6 Rb7 37. Rb1 Ra6 38. Rb4 Kd5 39. c4+ Kc5 40. Rbxa4 Rxa4 41. Rxa4 Kxb6 42. Rb4+ Kc7 43. Ra4 Kd6 0-1

[Event "Rostock SSC op 17th"]
[Site "Rostock"]
[Date "2018.07.13"]
[Round "5.3"]
[White "Pererva, Viktor"]
[Black "Franz, Karsten"]
[Result "1/2-1/2"]
[WhiteElo "2035"]
[BlackElo "2219"]
[PlyCount "22"]
[EventDate "2018.07.11"]
[EventType "swiss"]
[EventRounds "7"]
[EventCountry "GER"]
[SourceTitle "EXT 2019"]
[Source "ChessBase"]
[SourceDate "2018.10.10"]
[SourceVersion "1"]
[SourceVersionDate "2018.10.10"]
[SourceQuality "1"]

1. d4 g6 2. c4 Bg7 3. e4 Nc6 4. Be3 e5 5. Ne2 d6 6. Nbc3 f5 7. exf5 Bxf5 8. d5 Nce7 9. h3 h5 10. Ng3 h4 11. Nge4 Nf6 1/2-1/2

[Event "Hamburg CC Easter op 4th"]
[Site "Hamburg"]
[Date "2018.04.01"]
[Round "6"]
[White "Pererva, Viktor"]
[Black "Kotyk, Michael"]
[Result "0-1"]
[WhiteElo "2062"]
[BlackElo "2007"]
[PlyCount "44"]
[EventDate "2018.03.30"]
[EventType "swiss"]
[EventRounds "7"]
[EventCountry "GER"]
[SourceTitle "CBM 183 Extra"]
[Source "ChessBase"]
[SourceDate "2018.04.19"]
[SourceVersion "1"]
[SourceVersionDate "2018.04.19"]
[SourceQuality "1"]

1. d4 f5 2. Bg5 g6 3. Nc3 d5 4. Qd2 Bg7 5. e3 Nf6 6. 0-0-0 c6 7. f3 Nbd7 8. e4 fxe4 9. fxe4 Nxe4 10. Nxe4 dxe4 11. Bc4 Nf6 12. Bh6 Bxh6 13. Qxh6 Ng4 14. Qg7 Rf8 15. Qxh7 Qd6 16. Nf3 exf3 17. Rhe1 f2 18. Rxe7+ Qxe7 19. Qxg6+ Kd8 20. d5 Ne3 21. d6 Qf6 22. Qh7 Bd7 0-1

[Event "Hamburg CC Easter op 4th"]
[Site "Hamburg"]
[Date "2018.03.30"]
[Round "1"]
[White "Raedisch, Peter"]
[Black "Pererva, Viktor"]
[Result "0-1"]
[WhiteElo "1620"]
[BlackElo "2062"]
[PlyCount "100"]
[EventDate "2018.03.30"]
[EventType "swiss"]
[EventRounds "7"]
[EventCountry "GER"]
[SourceTitle "CBM 183 Extra"]
[Source "ChessBase"]
[SourceDate "2018.04.19"]
[SourceVersion "1"]
[SourceVersionDate "2018.04.19"]
[SourceQuality "1"]

1. e4 e5 2. Nf3 Nc6 3. Bc4 Nf6 4. Ng5 d5 5. exd5 b5 6. Bxb5 Qxd5 7. Qe2 Qxg2 8. Qf3 Qxf3 9. Nxf3 Bd7 10. d3 Rb8 11. Ba4 Bd6 12. Nc3 Nd4 13. Bxd7+ Kxd7 14. Nxd4 exd4 15. Ne4 Nxe4 16. dxe4 Rhe8 17. f3 f5 18. Rg1 g6 19. b3 fxe4 20. fxe4 Rxe4+ 21. Kd1 Rh4 22. Rg2 Rxh2 23. Rxh2 Bxh2 24. Ba3 Bd6 25. Bb2 Be5 26. Kd2 Rf8 27. Kd3 Ke6 28. Ba3 Rf3+ 29. Kd2 Kd5 30. Re1 h5 31. Be7 Bf4+ 32. Kd1 Re3 33. Rf1 g5 34. Bf6 h4 35. Rg1 Rg3 36. Re1 h3 37. Re8 h2 38. Rd8+ Bd6 39. Rh8 Rg1+ 40. Ke2 h1Q 41. Rxh1 Rxh1 42. Bxg5 Ke4 43. a4 Rh2+ 44. Kd1 d3 45. cxd3+ Kxd3 46. Kc1 Be5 47. Kb1 Rh1+ 48. Bc1 Kc3 49. a5 Kxb3 50. a6 Ba1 0-1

[Event "Mecklenburg VP VL 1718"]
[Site "Mecklenburg VP"]
[Date "2018.03.18"]
[Round "7.2"]
[White "Pererva, Viktor"]
[Black "Hartung, Lothar"]
[Result "1-0"]
[WhiteElo "2022"]
[BlackElo "1777"]
[PlyCount "99"]
[EventDate "2017.10.08"]
[EventType "team-tourn"]
[EventRounds "9"]
[EventCountry "GER"]
[SourceTitle "EXT 2022"]
[Source "ChessBase"]
[SourceDate "2021.10.06"]
[SourceVersion "1"]
[SourceVersionDate "2021.10.06"]
[SourceQuality "1"]
[WhiteTeam "Rostock SSC 07"]
[BlackTeam "Neubrandenburg SG Eintracht"]
[WhiteTeamCountry "GER"]
[BlackTeamCountry "GER"]

1. d4 d5 2. c4 e6 3. Nc3 c5 4. cxd5 exd5 5. Nf3 Nc6 6. g3 Nf6 7. Bg2 Be7 8. 0-0 0-0 9. b3 Bg4 10. dxc5 Bxc5 11. Bb2 a6 12. h3 Be6 13. Rc1 Ba7 14. e3 h6 15. Ne2 Qd7 16. Kh2 Rac8 17. Ned4 Nxd4 18. Bxd4 Rxc1 19. Qxc1 Rc8 20. Qb2 Bxd4 21. Nxd4 Qd6 22. Rc1 Rxc1 23. Qxc1 Bd7 24. Qc2 g6 25. Bf3 h5 26. h4 Kg7 27. Kg2 Kh6 28. Qc3 Kg7 29. Ne2 Kh7 30. Qd4 Bg4 31. Bxg4 hxg4 32. Nf4 Kg8 33. a4 Kh7 34. a5 Kg8 35. b4 Kh7 36. Kg1 Kg8 37. Kh2 Kf8 38. Kg2 Ke7 39. Nd3 Kd7 40. Ne5+ Ke7 41. Nxg4 Ne4 42. Ne5 Ke6 43. Nd3 Ke7 44. Nc5 Qc6 45. Qe5+ Kf8 46. Nxe4 dxe4 47. Qc5+ Kg7 48. Qxc6 bxc6 49. g4 f5 50. gxf5 1-0

[Event "Oberliga Nord N 1617"]
[Site "Germany"]
[Date "2017.05.07"]
[Round "9.5"]
[White "Pererva, Viktor"]
[Black "Gaede, Derek"]
[Result "0-1"]
[WhiteElo "2085"]
[BlackElo "2320"]
[PlyCount "70"]
[EventDate "2016.10.16"]
[EventType "team-tourn"]
[EventRounds "9"]
[EventCountry "GER"]
[SourceTitle "EXT 2018"]
[Source "ChessBase"]
[SourceDate "2017.10.13"]
[SourceVersion "1"]
[SourceVersionDate "2017.10.13"]
[SourceQuality "1"]
[WhiteTeam "Rostock"]
[BlackTeam "Hamburger SK"]
[WhiteTeamCountry "GER"]
[BlackTeamCountry "GER"]

1. d4 Nf6 2. c4 e6 3. Nc3 Bb4 4. e3 0-0 5. Nge2 Re8 6. a3 Bf8 7. d5 a5 8. g3 Na6 9. Bg2 Nc5 10. b3 d6 11. 0-0 exd5 12. cxd5 g6 13. Bb2 Bg7 14. b4 axb4 15. axb4 Rxa1 16. Bxa1 Na6 17. Qb3 Ng4 18. h3 Ne5 19. Na4 b5 20. Nac3 Bd7 21. Nd4 Nc4 22. Rd1 Qg5 23. Ncxb5 Nxe3 24. Rb1 Nxg2 25. Kxg2 Qd2 26. Qc3 Qh6 27. Qa3 Qxh3+ 28. Kg1 Be5 29. Qxa6 Bxg3 30. Nf3 Re2 31. Bd4 Bxf2+ 32. Bxf2 Qxf3 33. Qa7 Bxb5 34. Qb8+ Be8 35. Qa7 Re5 0-1

[Event "Oberliga Nord N 1617"]
[Site "Germany"]
[Date "2017.04.23"]
[Round "8.5"]
[White "Perez de Miguel, Alvaro"]
[Black "Pererva, Viktor"]
[Result "1-0"]
[WhiteElo "2260"]
[BlackElo "2093"]
[PlyCount "53"]
[EventDate "2016.10.16"]
[EventType "team-tourn"]
[EventRounds "9"]
[EventCountry "GER"]
[SourceTitle "EXT 2018"]
[Source "ChessBase"]
[SourceDate "2017.10.13"]
[SourceVersion "1"]
[SourceVersionDate "2017.10.13"]
[SourceQuality "1"]
[WhiteTeam "St Pauli"]
[BlackTeam "Rostock"]
[WhiteTeamCountry "GER"]
[BlackTeamCountry "GER"]

1. d4 d5 2. c4 c6 3. Nc3 dxc4 4. e4 b5 5. a4 b4 6. Na2 Nf6 7. e5 Nd5 8. Bxc4 e6 9. Nf3 Be7 10. 0-0 a5 11. Bd2 Nd7 12. Nc1 Ba6 13. Qe2 Bxc4 14. Qxc4 Qb6 15. Nb3 0-0 16. Bg5 Rac8 17. Rac1 Rfd8 18. Rc2 h6 19. Bxe7 Nxe7 20. Rfc1 Nb8 21. Qc5 Qxc5 22. Rxc5 Rd5 23. Rxa5 Rcd8 24. Rc4 Ng6 25. Rxd5 cxd5 26. Rxb4 Rc8 27. g3 1-0

[Event "Hamburg CC Easter op 3rd"]
[Site "Hamburg"]
[Date "2017.04.14"]
[Round "1"]
[White "Pererva, Viktor"]
[Black "Schoppe, Gottfried"]
[Result "1-0"]
[WhiteElo "2093"]
[BlackElo "1608"]
[PlyCount "63"]
[EventDate "2017.04.14"]
[EventType "swiss"]
[EventRounds "7"]
[EventCountry "GER"]
[SourceTitle "EXT 2020"]
[Source "ChessBase"]
[SourceDate "2019.10.17"]
[SourceVersion "1"]
[SourceVersionDate "2019.10.17"]
[SourceQuality "1"]

1. d4 Nf6 2. c4 g6 3. Nc3 Bg7 4. e4 d6 5. f3 0-0 6. Be3 Bd7 7. Qd2 c6 8. Rc1 Na6 9. Nge2 Rc8 10. g4 e5 11. d5 cxd5 12. cxd5 Nc5 13. Ng3 a6 14. h4 h5 15. gxh5 gxh5 16. Bg5 Kh7 17. Nxh5 Bh8 18. Nd1 Ncxe4 19. Bd3 Bf5 20. Nxf6+ Bxf6 21. Bxe4 Bxe4 22. Rxc8 Qxc8 23. fxe4 Bg7 24. Qe2 f6 25. Qh5+ Kg8 26. Be3 f5 27. Rg1 f4 28. Qg6 Qc7 29. Bb6 Qe7 30. Qg5 Qf7 31. h5 Qf6 32. h6 1-0

[Event "Mecklenburg VP VL 1516"]
[Site "Mecklenburg VP"]
[Date "2016.04.10"]
[Round "8.3"]
[White "Pererva, Viktor"]
[Black "Kutschke, Peter"]
[Result "1/2-1/2"]
[WhiteElo "2007"]
[BlackElo "2000"]
[PlyCount "36"]
[EventDate "2015.09.20"]
[EventType "team-tourn"]
[EventRounds "9"]
[EventCountry "GER"]
[SourceTitle "EXT 2022"]
[Source "ChessBase"]
[SourceDate "2021.10.06"]
[SourceVersion "1"]
[SourceVersionDate "2021.10.06"]
[SourceQuality "1"]
[WhiteTeam "Rostock SSC 07 II"]
[BlackTeam "Schwerin SF III"]
[WhiteTeamCountry "GER"]
[BlackTeamCountry "GER"]

1. e4 d5 2. exd5 Nf6 3. d4 Nxd5 4. c4 Nb6 5. Nf3 g6 6. Be3 Bg4 7. Be2 Bg7 8. Nc3 Nc6 9. d5 Bxf3 10. Bxf3 Ne5 11. Be2 0-0 12. Bd4 c5 13. dxc6 bxc6 14. Bxe5 Bxe5 15. Qc2 Qc7 16. g3 Rad8 17. 0-0 Bd4 18. Rad1 e5 1/2-1/2

[Event "Rostock SSC op 14th"]
[Site "Rostock"]
[Date "2015.07.29"]
[Round "2.14"]
[White "Pererva, Viktor"]
[Black "Wurst, Maximilian"]
[Result "1-0"]
[WhiteElo "2060"]
[BlackElo "1752"]
[PlyCount "35"]
[EventDate "2015.07.29"]
[EventType "swiss"]
[EventRounds "7"]
[EventCountry "GER"]
[SourceTitle "EXT 2019"]
[Source "ChessBase"]
[SourceDate "2018.10.10"]
[SourceVersion "1"]
[SourceVersionDate "2018.10.10"]
[SourceQuality "1"]

1. e4 e5 2. Nf3 Nc6 3. Bb5 Bc5 4. c3 Nge7 5. 0-0 a6 6. Ba4 d6 7. h3 0-0 8. d4 exd4 9. cxd4 Bb6 10. Nc3 f5 11. Bb3+ Kh8 12. Re1 fxe4 13. Nxe4 Bf5 14. Neg5 d5 15. g4 h6 16. gxf5 hxg5 17. Nxg5 Bxd4 18. Qh5+ 1-0

[Event "Mecklenburg VP VL 1415"]
[Site "Mecklenburg VP"]
[Date "2014.11.09"]
[Round "2.3"]
[White "Pererva, Viktor"]
[Black "Hamann, Dirk"]
[Result "0-1"]
[WhiteElo "2013"]
[BlackElo "1892"]
[PlyCount "86"]
[EventDate "2014.09.21"]
[EventType "team-tourn"]
[EventRounds "9"]
[EventCountry "GER"]
[SourceTitle "EXT 2022"]
[Source "ChessBase"]
[SourceDate "2021.10.06"]
[SourceVersion "1"]
[SourceVersionDate "2021.10.06"]
[SourceQuality "1"]
[WhiteTeam "Rostock SSC 07 II"]
[BlackTeam "Warnemuende SF Ostsee"]
[WhiteTeamCountry "GER"]
[BlackTeamCountry "GER"]

1. e4 e5 2. Nf3 Nf6 3. Nxe5 d6 4. Nf3 Nxe4 5. Nc3 Nxc3 6. dxc3 Be7 7. Qd4 0-0 8. Be3 Nc6 9. Qf4 Bf6 10. 0-0-0 Ne7 11. g4 Ng6 12. Qg3 Qe8 13. g5 Be5 14. Nxe5 Qxe5 15. f4 Qa5 16. Kb1 Re8 17. h4 Be6 18. b3 Qxc3 19. Bd3 Bf5 20. Bc1 Bxd3 21. Rxd3 Qc6 22. Rg1 a5 23. h5 Ne7 24. Bb2 Nf5 25. Qh3 Qe4 26. g6 fxg6 27. hxg6 h6 28. Bc3 Rf8 29. Qg4 a4 30. Re1 Qc6 31. Rh3 Rae8 32. Rxe8 Qxe8 33. Rd3 axb3 34. axb3 Qe4 35. Rd1 Ne3 36. Qe2 Nxd1 37. Qxd1 Qxg6 38. Qd5+ Rf7 39. Qxb7 Qg1+ 40. Kb2 Qe3 41. Qc8+ Kh7 42. f5 Qh3 43. Qe6 Qxf5 0-1